Nápady pro sídliště

Gespeichert in:
Bibliographische Detailangaben
Format: Buch
Sprache:Tschechisch
Veröffentlicht: Praha Olympia 1987
Ausgabe:1. vyd.
Schriftenreihe:Kondice
Tags: Tag hinzufügen
Keine Tags, Fügen Sie das erste Tag hinzu!

MARC

LEADER 00000nam a2200000 4500
001 c022510
005 20260116070408.7
041 0 |a cze 
044 |a CZ 
245 1 0 |a Nápady pro sídliště  |c Vladimír Jarkovský 
250 |a 1. vyd. 
264 1 |a Praha  |b Olympia  |c 1987 
300 |a 148 s. 
490 1 |a Kondice 
830 0 |a Kondice